000 00291nam a22001337a 4500
008 180308b xxu||||| |||| 00| 0 eng d
020 _a0881679917
041 _aeng
080 _a618
100 _a10
101 _aGJIN
245 _aOperative larascopy
_cSoderstrom.R,M
942 _2udc
_cBK
999 _c44431
_d44431